000 00552nam a2200193Ia 4500
005 20250326144848.0
008 250326s9999 xx 000 0 und d
020 _a1-403-92902-5
037 _aTextbook
040 _aFMSL
_beng
_cFMSL
041 _aeng
_2eng
084 _aX:64.44 P6
_qFMSL
100 _aJadhav N
_9750225
245 0 _aMonetary policy, ficial stability and central banking in India
_cJadhav N
260 _aDelhi
_bDelhi, Macmillan
_c2006
300 _a388p
942 _cTB
_hX:64.44 P6
999 _c1305361
_d1305361